[Event "LSS RA-2009-0-00046"]
[Site "LSS email"]
[Date "2009.04.20"]
[Round "?"]
[White "Giffen, Glenn"]
[Black "Lahdenmaeki, Leo"]
[Result "1-0"]
[WhiteElo "2140"]
[BlackElo "2062"]
[PlyCount "129"]
[EventDate "2009.03.09"]
[EventType "tourn (corr)"]
[EventRounds "6"]
[EventCountry "GER"]
[SourceTitle "Corr 2011"]
[Source "ChessBase"]
[SourceDate "2010.08.31"]
[SourceVersion "1"]
[SourceVersionDate "2010.08.31"]
[SourceQuality "1"]

1. e4 c5 2. d4 cxd4 3. c3 Nf6 4. e5 Nd5 5. Nf3 Nc6 6. cxd4 d6 7. Bc4 Nb6 8. Bb5 dxe5 9. Nxe5 Bd7 10. Nxd7 Qxd7 11. Nc3 e6 12. 0-0 Be7 13. Qg4 0-0 14. Bxc6 bxc6 15. Bh6 Bf6 16. Rfd1 Nd5 17. Ne4 Qe7 18. Rac1 Kh8 19. Nxf6 Qxf6 20. Bd2 Rab8 21. b3 Rfc8 22. h3 h6 23. Rc2 Rb5 24. Rdc1 Nb4 25. Bxb4 Rxb4 26. Rc4 Rxc4 27. Rxc4 g6 28. Ra4 Rc7 29. Qe4 Kh7 30. Qe5 Qxe5 31. dxe5 g5 32. g4 Kg6 33. Rc4 f6 34. Kf1 fxe5 35. Ke2 Rc8 36. Ke3 h5 37. Rc5 Kf6 38. b4 hxg4 39. hxg4 Rb8 40. a3 Rb6 41. Kd3 Ra6 42. Rc3 Ra4 43. Kc4 e4 44. Kb3 Ra6 45. a4 Ke5 46. a5 Kf4 47. Re3 Kxg4 48. Rxe4+ Kf5 49. f3 e5 50. Kc4 Kf6 51. Rg4 Kg6 52. Kc5 Kf5 53. Kd6 Kf6 54. Kc7 c5 55. Kb7 Re6 56. bxc5 Re7+ 57. Kc6 Ke6 58. Rxg5 Rf7 59. Rg6+ Ke7 60. a6 Ke8 61. Rg8+ Ke7 62. Ra8 Ke6 63. Re8+ Kf5 64. Kd6 Rf6+ 65. Kd7 1-0

[Event "LSS RA-2009-0-00046"]
[Site "LSS email"]
[Date "2009.04.14"]
[Round "?"]
[White "Giffen, Glenn"]
[Black "Pott, Brian"]
[Result "1-0"]
[WhiteElo "2140"]
[BlackElo "1844"]
[PlyCount "87"]
[EventDate "2009.03.09"]
[EventType "tourn (corr)"]
[EventRounds "6"]
[EventCountry "GER"]
[SourceTitle "Corr 2011"]
[Source "ChessBase"]
[SourceDate "2010.08.31"]
[SourceVersion "1"]
[SourceVersionDate "2010.08.31"]
[SourceQuality "1"]

1. e4 d5 2. exd5 Qxd5 3. Nf3 Bg4 4. Be2 Bxf3 5. Bxf3 Qe6+ 6. Qe2 Qxe2+ 7. Kxe2 c6 8. d4 Nf6 9. Nd2 e6 10. Re1 Nbd7 11. Kf1 Nb6 12. g3 0-0-0 13. c3 Be7 14. a4 a6 15. a5 Nbd5 16. Nc4 h6 17. Ne5 Rhf8 18. Bd2 Nc7 19. b4 Nb5 20. Bg2 Ne8 21. Be4 Nec7 22. Bd3 Bg5 23. f4 Bf6 24. Rac1 g6 25. Red1 Bg7 26. Be1 g5 27. Bd2 f6 28. Nc4 Nd5 29. fxg5 hxg5 30. Kg2 Kb8 31. Re1 Ndc7 32. Bg6 Rd7 33. Nb6 Rd6 34. Re2 Rfd8 35. Rce1 Rh8 36. Bf7 Nd5 37. Na4 e5 38. dxe5 fxe5 39. c4 Nd4 40. cxd5 Nxe2 41. Rxe2 Rf8 42. Bh5 cxd5 43. Bxg5 Rc8 44. h4 1-0

[Event "LSS RA-2009-0-00046"]
[Site "LSS email"]
[Date "2009.04.14"]
[Round "?"]
[White "Hrvacic, Pavle"]
[Black "Giffen, Glenn"]
[Result "0-1"]
[WhiteElo "2003"]
[BlackElo "2140"]
[PlyCount "84"]
[EventDate "2009.03.09"]
[EventType "tourn (corr)"]
[EventRounds "6"]
[EventCountry "GER"]
[SourceTitle "Corr 2011"]
[Source "ChessBase"]
[SourceDate "2010.08.31"]
[SourceVersion "1"]
[SourceVersionDate "2010.08.31"]
[SourceQuality "1"]

1. e4 c5 2. c3 d5 3. exd5 Qxd5 4. d4 Nf6 5. Nf3 Bg4 6. dxc5 Qxc5 7. Na3 a6 8. Be3 Qc7 9. h3 Bh5 10. Qa4+ Nbd7 11. 0-0-0 e6 12. Nb5 Qb8 13. Nbd4 Be7 14. g4 Bg6 15. Bd3 Bxd3 16. Rxd3 b5 17. Qd1 Nc5 18. Rd2 Nfe4 19. Re2 Qb7 20. Qc2 a5 21. Rhe1 0-0 22. Ne5 Bd6 23. f4 b4 24. Bd2 Nxd2 25. Rxd2 Bxe5 26. Rxe5 Rfc8 27. f5 bxc3 28. bxc3 Qh1+ 29. Qd1 Qxh3 30. Nb5 h6 31. fxe6 Nxe6 32. Qe2 Rab8 33. Rd3 Qh1+ 34. Rd1 Qc6 35. a4 Rxb5 36. Rxb5 Qxc3+ 37. Kb1 Nd4 38. Qb2 Nxb5 39. axb5 Qc4 40. Rd4 Qc5 41. Re4 a4 42. Qe2 Qc1+ 0-1

[Event "LSS RA-2009-0-00040"]
[Site "LSS email"]
[Date "2009.02.19"]
[Round "?"]
[White "Giffen, Glenn"]
[Black "Amann, Klaus"]
[Result "1-0"]
[WhiteElo "2000"]
[BlackElo "2016"]
[PlyCount "111"]
[EventDate "2009.01.06"]
[EventType "tourn (corr)"]
[EventRounds "6"]
[EventCountry "GER"]
[SourceTitle "Corr 2011"]
[Source "ChessBase"]
[SourceDate "2010.08.31"]
[SourceVersion "1"]
[SourceVersionDate "2010.08.31"]
[SourceQuality "1"]

1. e4 d5 2. exd5 Qxd5 3. Nf3 Bg4 4. Be2 Nc6 5. 0-0 0-0-0 6. h3 Bh5 7. Nc3 Qd7 8. a3 Nf6 9. d3 e6 10. b4 Bd6 11. Re1 h6 12. Bb2 Rhg8 13. Nb5 Be7 14. c4 a6 15. Nbd4 Nxd4 16. Nxd4 Bxe2 17. Qxe2 g5 18. Nf5 g4 19. h4 h5 20. Rad1 Ne8 21. Nxe7+ Qxe7 22. g3 Nd6 23. Qe5 Qd7 24. Qxh5 Nf5 25. Re4 Rg6 26. Rxg4 Rh6 27. Qg5 Rg6 28. Qf4 Ne3 29. Qxe3 Rxg4 30. Bf6 Rdg8 31. h5 Qd6 32. Kf1 Qc6 33. h6 Qh1+ 34. Ke2 Qh5 35. Kd2 Qf5 36. Bg7 Rd8 37. Kc1 Kb8 38. Rd2 Qg6 39. Qf3 Rd7 40. Rd1 Kc8 41. Kb2 Kb8 42. d4 f5 43. d5 e5 44. Kb3 e4 45. Qe3 Rd8 46. Be5 Qh5 47. d6 cxd6 48. Rxd6 Rxd6 49. Qd2 Rg8 50. Bxd6+ Ka8 51. b5 Qf3+ 52. Kb2 Rd8 53. c5 e3 54. Qxe3 Qxe3 55. fxe3 axb5 56. Kc3 1-0

[Event "FICGS rapid B 000113 email"]
[Site "FICGS email"]
[Date "2009.01.15"]
[Round "1"]
[White "Colarina, Floram"]
[Black "Giffen, Glenn"]
[Result "0-1"]
[WhiteElo "1800"]
[BlackElo "1800"]
[PlyCount "48"]
[EventDate "2009.??.??"]
[EventType "tourn (rapid)"]
[EventRounds "6"]
[SourceTitle "Corr 2022"]
[Source "ChessBase"]
[SourceDate "2021.10.24"]
[SourceVersion "1"]
[SourceVersionDate "2021.10.24"]
[SourceQuality "1"]

1. d4 Nf6 2. c4 c5 3. Nf3 cxd4 4. Nxd4 e6 5. Nc3 Nc6 6. Bg5 Be7 7. g3 Qb6 8. Nb3 Ng4 9. c5 Bxc5 10. Nxc5 Qxc5 11. e3 Qxg5 12. Be2 h5 13. Ne4 Qe5 14. Nd6+ Ke7 15. Nxc8+ Raxc8 16. Qd2 Qa5 17. Qxa5 Nxa5 18. h3 Nf6 19. Bd3 Nc4 20. b3 Ne5 21. Ke2 Nd5 22. Rac1 Nc3+ 23. Kd2 Nf3+ 24. Kc2 Nxa2+ 0-1